000 01102nam a22002897a 4500
001 0011400
003 DO-SdBNP
005 20160913155747.0
007 0011400
008 160913b 1991 sp||||| |||| 00| 0 spa d
020 _a8478690492
040 _aBPMSU
_bspa
_cBPMSU
092 _axxxxxxxxx
_bxxxxxxxx
100 1 _aDíaz Curiel, Juan
245 1 _atrastornos psicosomaticos en la infancia /
_cJuan Díaz Curiel ; prólogo José Rallo ; colaboradores Ana Álvarez Cienfuegos, Ignacio Avellanosa Caro, Adela Collado Díaz, Fernando Egea Marcos, Francisco Marti Felipo
260 _aMadrid :
_bCiencias de la Educación Preescolar y Especial,
_c1991.
300 _a214 p. :
_bil.,
_c24 cm.
490 1 _aSalud mental infantil
_v1
700 1 _aÁlvarez Cienfuegos, Ana,
_ecolaborador
700 1 _aAvellanosa Caro, Ignacio,
_ecolaborador
700 1 _aCollado Díaz, Adela,
_ecolaborador
700 1 _aEgea Marcos, Fernando,
_ecolaborador
700 1 _aMarti Felipo, Fernando,
_ecolaborador
830 0 _aSalud mental infantil
_n1
942 _2ddc
_cBK
956 _aBTAVÁREZ
_b10
_c20161309
_d0011400
999 _c11355
_d11355